Los pueblos jóvenes (Record no. 162670)

MARC details
000 -LEADER
campo de control de longitud fija 00671nam a2200193 i 4500
001 - NÚMERO DE CONTROL
campo de control 162670
003 - IDENTIFICADOR DE NÚMERO DE CONTROL
campo de control ES-MaACL
005 - FECHA Y HORA DE LA ÚLTIMA TRANSACCIÓN
campo de control 20250830221256.0
008 - DATOS DE LONGITUD FIJA--INFORMACIÓN GENERAL
campo de control de longitud fija 980331s1876 sp |||| | spa d
245 04 - MENCIÓN DEL TÍTULO
Título Los pueblos jóvenes
Resto del título : [la Australia-los Estados Unidos de América].
260 ## - PUBLICACIÓN, DISTRIBUCIÓN, ETC.
Lugar de publicación, distribución, etc. Madrid :
Nombre del editor, distribuidor, etc. [s.n.],
Fecha de publicación, distribución, etc. 1876 (
Fabricante Imp. C/ Pez 6)
300 ## - DESCRIPCIÓN FÍSICA
Extensión 333 p. ;
Dimensiones 21 cm.
490 1# - MENCIÓN DE SERIE
Mención de serie Biblioteca de La Nueva Prensa
651 #4 - PUNTO DE ACCESO ADICIONAL DE MATERIA--NOMBRE GEOGRÁFICO
Nombre geográfico Estados Unidos-
Subdivisión general Descripción
9 (RLIN) 8538
651 #4 - PUNTO DE ACCESO ADICIONAL DE MATERIA--NOMBRE GEOGRÁFICO
Nombre geográfico Australia-
Subdivisión general Descripción.
9 (RLIN) 7840
830 1# - PUNTO DE ACCESO ADICIONAL DE SERIE-TÍTULO UNIFORME
Título uniforme Biblioteca de La Nueva Prensa
9 (RLIN) 222214
852 ## - LOCALIZACIÓN
Ubicación ES-MaACL
Número de control de estantería Z-196
Encuadernación Olim: G-7078
Signatura antigua
Nota libre - Enc. pasta
Holdings
Estatus retirado Estado de pérdida Estado de daño No para préstamo Colección Biblioteca de origen Biblioteca actual Ubicación en estantería Fecha de adquisición Total de préstamos Signatura topográfica completa Código de barras Visto por última vez Precio de reemplazo Tipo de ítem Koha
        Libros del s. XIX Biblioteca del Ateneo de Madrid Biblioteca del Ateneo de Madrid Depósito Z 17/01/2008   Z-196 1170424 23/02/2023 23/02/2023 Libro impreso antiguo